Největší města v každém kraji ČR, která nejsou sídlo - Statistics

General Stats
  • This quiz has been taken 211 times
  • The average score is 12 of 13
Answer Stats
kraj sídlo města % Correct
Středočeský Praha Kladno, Mladá Boleslav, Kolín
99%
Moravskoslezský Ostrava Havířov, Opava, Frýdek-Místek
95%
Karlovarský Karlovy Vary Cheb, Sokolov, Ostrov
93%
Liberecký Liberec Jablonec nad Nisou, Česká Lípa, Turnov
93%
Ústecký Ústí nad Labem Most, Teplice, Chomutov
93%
Jihočeský České Budějovice Tábor, Písek, Strakonice
93%
Jihomoravský Brno Znojmo, Břeclav, Hodonín
89%
Královéhradecký Hradec Králové Trutnov, Náchod, Jičín
87%
Vysočina Jihlava Třebíč, Havlíčkův Brod, Ždár nad Sázavou
86%
Plzeňský Plzeň Klatovy, Tachov, Rokycany
85%
Zlínský Zlín Kroměříž, Vsetín, Uherské Hradiště
85%
Pardubický Pardubice Chrudim, Svitavy, Česká Třebová
83%
Olomoucký Olomouc Prostějov, Přerov, Šumperk
82%
No matching quizzes found
Score Distribution
Percent of People with Each Score
Percentile by Number Answered
Your Score History
You have not taken this quiz